000
00226nam a22000857a 4500
008
160711b xxu||||| |||| 00| 0 eng d
100
_9
2583
_a
Champers Harrap
245
_a
Chambers Idoms
260
_a
Singapore
_b
Champers Harrap
_c
1993
999
_c
2248
_d
2248